000
00278nam a22000977a 4500
008
231218b |||||||| |||| 00| 0 eng d
020
_a
9781633935570
100
_a
Correll Angela
_9
7738
245
_a
Grounded (May Hollow Triology: Book One)
260
_a
Virginia
_b
Koehler Books
_c
2013
999
_c
12518
_d
12518